Blockchain Revolution
Salvato in:
| Autore principale: | |
|---|---|
| Natura: | Libro |
| Pubblicazione: |
Penguin
|
| Soggetti: | |
| Tags: |
Nessun Tag, puoi essere il primo ad aggiungerne!!
|
MARC
| LEADER | 00000nam a2200000Ia 4500 | ||
|---|---|---|---|
| 005 | 20260427112704.0 | ||
| 526 | |b FinTech | ||
| 100 | |a Tapscott | ||
| 020 | |a 9780063025851 | ||
| 650 | |a Blockchain | ||
| 526 | |a Masters | ||
| 942 | |c BK | ||
| 245 | |a Blockchain Revolution | ||
| 260 | |b Penguin | ||
| 999 | |c 66 |d 66 | ||
| 952 | |0 0 |1 0 |4 0 |7 0 |8 3 |a BRISTOL |b BRISTOL |d 2026-04-22 |l 0 |p 000087 |r 2026-04-27 11:27:04 |w 2026-04-27 |y BK | ||